Teach yourself Access 97 in 24 hours / (Record no. 62147)
[ view plain ]
| 000 -LEADER | |
|---|---|
| fixed length control field | 01270cam a2200349 a 4500 |
| 001 - CONTROL NUMBER | |
| control field | 4474236 |
| 003 - CONTROL NUMBER IDENTIFIER | |
| control field | NUST-PNEC |
| 005 - DATE AND TIME OF LATEST TRANSACTION | |
| control field | 20170116180740.0 |
| 008 - FIXED-LENGTH DATA ELEMENTS--GENERAL INFORMATION | |
| fixed length control field | 970207s1997 inua 001 0 eng |
| 010 ## - LIBRARY OF CONGRESS CONTROL NUMBER | |
| LC control number | 96071493 |
| 020 ## - INTERNATIONAL STANDARD BOOK NUMBER | |
| International Standard Book Number | 0672310279 |
| 020 ## - INTERNATIONAL STANDARD BOOK NUMBER | |
| International Standard Book Number | 8176350052 |
| 040 ## - CATALOGING SOURCE | |
| Original cataloging agency | DLC |
| Transcribing agency | PNEC |
| 050 00 - LIBRARY OF CONGRESS CALL NUMBER | |
| Classification number | QA76.9.D3 |
| Item number | B823 1997 |
| 082 00 - DEWEY DECIMAL CLASSIFICATION NUMBER | |
| Classification number | 005.7565 BUC |
| Edition number | 21 |
| 100 1# - MAIN ENTRY--PERSONAL NAME | |
| Personal name | Buchanan, Timothy. |
| 245 00 - TITLE STATEMENT | |
| Title | Teach yourself Access 97 in 24 hours / |
| Statement of responsibility, etc. | Timothy Buchanan, Craig Eddy, Rob Newman. |
| 246 3# - VARYING FORM OF TITLE | |
| Title proper/short title | Teach yourself Access 97 in twenty-four hours |
| 246 3# - VARYING FORM OF TITLE | |
| Title proper/short title | Access 97 in 24 hours |
| 250 ## - EDITION STATEMENT | |
| Edition statement | 1st ed. |
| 260 ## - PUBLICATION, DISTRIBUTION, ETC. | |
| Place of publication, distribution, etc. | Indianapolis, IN : New Delhi |
| Name of publisher, distributor, etc. | Sams Pub./ Tecmedia, |
| Date of publication, distribution, etc. | c1998. |
| 300 ## - PHYSICAL DESCRIPTION | |
| Extent | xx, 353 p. : |
| Other physical details | ill. ; |
| Dimensions | 23 cm. |
| 500 ## - GENERAL NOTE | |
| General note | Includes index. |
| 630 00 - SUBJECT ADDED ENTRY--UNIFORM TITLE | |
| Uniform title | Microsoft Access. |
| 650 #0 - SUBJECT ADDED ENTRY--TOPICAL TERM | |
| Topical term or geographic name entry element | Database management. |
| General subdivision | Computer, MIS |
| 700 1# - ADDED ENTRY--PERSONAL NAME | |
| Personal name | Eddy, Craig. |
| 700 1# - ADDED ENTRY--PERSONAL NAME | |
| Personal name | Newman, Rob. |
| 856 ## - ELECTRONIC LOCATION AND ACCESS | |
| Uniform Resource Identifier | <a href="http://www.amazon.com/Sams-Teach-Yourself-Access-Hours/dp/0672310279/ref=sr_1_2?s=books&ie=UTF8&qid=1418327368&sr=1-2&keywords=TEACH+YOURSELF+ACCESS+97">http://www.amazon.com/Sams-Teach-Yourself-Access-Hours/dp/0672310279/ref=sr_1_2?s=books&ie=UTF8&qid=1418327368&sr=1-2&keywords=TEACH+YOURSELF+ACCESS+97</a> |
| 906 ## - LOCAL DATA ELEMENT F, LDF (RLIN) | |
| a | 7 |
| b | cbc |
| c | orignew |
| d | 2 |
| e | opcn |
| f | 19 |
| g | y-gencatlg |
| 942 ## - ADDED ENTRY ELEMENTS (KOHA) | |
| Source of classification or shelving scheme | |
| Koha item type | Book |
| Withdrawn status | Lost status | Source of classification or shelving scheme | Damaged status | Not for loan | Permanent Location | Current Location | Shelving location | Date acquired | Source of acquisition | Cost, normal purchase price | Total Checkouts | Full call number | Barcode | Date last seen | Cost, replacement price | Price effective from | Koha item type |
|---|---|---|---|---|---|---|---|---|---|---|---|---|---|---|---|---|---|
| Pakistan Navy Engineering College (PNEC) | Pakistan Navy Engineering College (PNEC) | 01/12/1999 | - | 270.00 | 005.7565 BUC | PNECLIB-020621 | 12/12/2014 | 270.00 | 01/12/1999 | Book |
